World's Largest Peninsulas - Statistics

General Stats
  • This quiz has been taken 49 times
  • The average score is 6 of 12
Answer Stats
Area (in sq km) Area (in sq mi) Peninsula % Correct
3,237,500 1,250,005 Arabian
85%
573,254 225,196 Iberian
73%
1,600,000 617,760 Indian
70%
270,000 104,248 Kamchatka
65%
750,000 289,577 Scandinavian
60%
470,000 181,468 Balkan
58%
1,882,757 726,936 Horn of Africa
58%
1,400,000 540,543 Labrador
50%
1,938,878 748,605 Indochinese
40%
537,886 207,679 Anatolian
38%
288,804 111,508 Cape York
25%
400,000 154,441 Taymyr
3%
No matching quizzes found
Score Distribution
Percent of People with Each Score
Percentile by Number Answered
Your Score History
You have not taken this quiz